Štúdium vlastností zvarových spojov duplexných ocelí vyhotovených plynným CO2 laserom : Dizertačná práca

Salvato in:
Dettagli Bibliografici
Autore principale: Vrtochová, Tatiana, 1984- (Autore)
Altri autori: Ulrich, Koloman, 1946- (Relatore della tesi)
Natura: Manoscritto Libro
Lingua:slovacco
Pubblicazione: Trnava : STU v Bratislave MTF UVTE KZv, 2011
Soggetti:
Accesso online:VAIS
Tags: Aggiungi Tag
Nessun Tag, puoi essere il primo ad aggiungerne!!

MARC

LEADER 00000ntm a22000003a 4500
001 stu236625
005 20150617230148.6
008 111018s2011----xo------------------slo-d
040 |a STU  |b slo 
041 0 |a slo 
044 |a xo 
100 1 |a Vrtochová, Tatiana,  |d 1984-  |4 aut  |u M140  |9 100  |T MTF Katedra zvárania  |X 33145  |U M140  |Y M140  |7 A000033145 
242 0 0 |a Study of properties duplex steels CO2 laser beam welds joints  |y eng 
245 1 |a Štúdium vlastností zvarových spojov duplexných ocelí vyhotovených plynným CO2 laserom :  |b Dizertačná práca 
260 |a Trnava :  |b STU v Bratislave MTF UVTE KZv,  |c 2011 
300 |a 128 s., autoreferát, CD-ROM 
500 |a Študijný program: Strojárske technológie a materiály 
500 |a Číslo a názov študijného odboru: 5.2.7. Strojárske technológie a materiály 
650 7 |a duplex stainless steel  |2 estusub 
650 7 |a korózna odolnosť  |2 stusub 
650 7 |a duplexná oceľ  |2 stusub 
650 7 |a strojárske technológie a materiály  |2 stusub 
650 7 |a Machine Technologies and Materials  |2 estusub 
700 1 |a Ulrich, Koloman,  |d 1946-  |4 ths  |u M3000  |U MTF Materiálovotechnologická fakulta  |T MTF Ústav výrobných technológií  |X 1417  |U M3000  |Y 83  |7 A000001417 
856 4 |a info a plný text  |u http://is.stuba.sk/zp/portal_zp.pl?podrobnosti=63820  |3 VAIS 
996 |b 284M080342  |c M*DzP-272  |l MMSKP  |s P  |a 0  |w stu236625_0001